<?xml version="1.0" encoding="utf-8"?>
<?xml-stylesheet type='text/xsl' href='./oai2.xsl'?>
<OAI-PMH xmlns="http://www.openarchives.org/OAI/2.0/" xmlns:xsi="http://www.w3.org/2001/XMLSchema-instance" xsi:schemaLocation="http://www.openarchives.org/OAI/2.0/ http://www.openarchives.org/OAI/2.0/OAI-PMH.xsd">
  <responseDate>2026-06-07T13:07:22Z</responseDate>
  <request verb="GetRecord" metadataPrefix="marcxml" identifier="record_kuniweb_943248">https://kulturerbe.niedersachsen.de/oai</request>
  <GetRecord>
    <record>
      <header>
        <identifier>record_kuniweb_943248</identifier>
        <datestamp>2026-03-31T19:09:18Z</datestamp>
        <setSpec>slg0220</setSpec>
      </header>
      <metadata>
        <marc:record xmlns:marc="http://www.loc.gov/MARC21/slim" xsi:schemaLocation="http://www.loc.gov/MARC21/slim http://www.loc.gov/standards/marcxml/schema/MARC21slim.xsd">
          <marc:leader>12345nrm  22     uu 4500</marc:leader>
          <marc:controlfield tag="001">943248</marc:controlfield>
          <marc:controlfield tag="003">http://kuniweb.gbv.de</marc:controlfield>
          <marc:controlfield tag="005">2023-03-03T08:21:26</marc:controlfield>
          <marc:controlfield tag="008">|           ||||||||||||||||||||||</marc:controlfield>
          <marc:datafield tag="245" ind1="1" ind2="0">
            <marc:subfield code="a">Römische Münze (Sesterz des Domitian)</marc:subfield>
          </marc:datafield>
          <marc:datafield tag="655" ind1=" " ind2="7">
            <marc:subfield code="a">Archäologie</marc:subfield>
          </marc:datafield>
          <marc:datafield tag="046" ind1=" " ind2=" ">
            <marc:subfield code="k">0088</marc:subfield>
            <marc:subfield code="k">ältere Römische Kaiserzeit (Prägezeitraum)</marc:subfield>
            <marc:subfield code="l">0089</marc:subfield>
          </marc:datafield>
          <marc:datafield tag="260" ind1=" " ind2=" ">
            <marc:subfield code="g">0088</marc:subfield>
            <marc:subfield code="g">0089</marc:subfield>
            <marc:subfield code="g">ältere Römische Kaiserzeit (Prägezeitraum)</marc:subfield>
          </marc:datafield>
          <marc:datafield tag="300" ind1=" " ind2=" ">
            <marc:subfield code="a">Durchmesser: 3,5 cm
Dicke: 0,35 cm
Gewicht: 21,1 g</marc:subfield>
          </marc:datafield>
          <marc:datafield tag="520" ind1=" " ind2=" ">
            <marc:subfield code="a">Es handelt sich um einen bronzenen Sesterz des Domitian (81–96 n. Chr.), geprägt in Rom 88/89. Auf der Vorderseite Büste des Kaisers nach rechts blickend mit Lorbeerkranz. Die Umschrift lautet ergänzt: IMP CAES DOMIT AVG GERM COS XVI CENS PERP P.  Auf der Rückseite ist der Kaiser in Uniform stehend nach links blickend mit Speer und Donnerstab dargestellt, rechts von ihm befindet sich eine stehende Victoria mit Palmzweig, darunter SC (Senatus Consulto) (Bestimmung durch F.-W. Wulf, NLD).
Der Fund stammt aus dem Umfeld des ehem. Gefangenenlagers Stalag XB bei Sandbostel. Es ist daher nicht auszuschließen, dass die Münze von (italienischen?) Kriegsgefangenen in die Region gebracht wurde. Andere Fundstellen der Römischen Kaiserzeit sind im näheren Umfeld nicht bekannt. (Hesse 11/2016)

Inschrift:
Revers: SC Avers: IMP CAES DOMIT AVG GERM COS XVI CENS PERP P. (SC=Senatus Consulto)

Ausgrabungs- / Untersuchungsdatum: 8. Oktober 2016</marc:subfield>
          </marc:datafield>
          <marc:datafield tag="650" ind1="1" ind2=" ">
            <marc:subfield code="a">Sesterz</marc:subfield>
          </marc:datafield>
          <marc:datafield tag="650" ind1="1" ind2=" ">
            <marc:subfield code="a">Münze, Medaille, Zahlungsmittel &gt; Münze &gt; Römische Münze</marc:subfield>
          </marc:datafield>
          <marc:datafield tag="650" ind1="1" ind2=" ">
            <marc:subfield code="a">Münzen</marc:subfield>
          </marc:datafield>
          <marc:datafield tag="773" ind1="0" ind2=" ">
            <marc:subfield code="t">Archäologische Funde aus dem Landkreis Rotenburg (Wümme)</marc:subfield>
          </marc:datafield>
          <marc:datafield tag="852" ind1=" " ind2=" ">
            <marc:subfield code="a">Kreisarchäologie Rotenburg</marc:subfield>
          </marc:datafield>
          <marc:datafield tag="852" ind1=" " ind2=" ">
            <marc:subfield code="a">Sandbostel (Selsingen, Rotenburg (Wümme), Niedersachsen)</marc:subfield>
          </marc:datafield>
          <marc:datafield tag="" ind1=" " ind2=" ">
            <marc:subfield code="a">Namensnennung - Weitergabe unter gleichen Bedingungen 4.0 International (CC BY-SA 4.0)</marc:subfield>
          </marc:datafield>
        </marc:record>
      </metadata>
    </record>
  </GetRecord>
</OAI-PMH>
